000 01228nam a22002777a 4500
005 20240530110612.0
008 161120s2015 ua kf g b 001 0 ara d
017 _a23868
_bمصر . دار الكتب المصرية
020 _a9789774103556
040 _aEG-CaGPL
082 0 4 _221
_a737.057\
_bم ط
100 0 _aمحمد حسين حويدق
245 1 0 _aطرز النقود المملوكية :
_bالمحفوظة بمجموعة الاميرة موضي بنت عساف بالرياض ومجموعات اخرى : دراسة مقارنة /
_cمحمد حسين حويدق ؛ تقديم رأفت محمد النبراوي
250 _aط. 1
260 _aالقاهرة :
_bمحمد حسين حويدق ،
_c2015
300 _a257 ص. :
_bايض ؛
_c24 سم.
504 _aيشتمل على ارجاعات ببليوجرافية و فهرس
650 0 7 _2qrmak
_aالمماليك
650 0 7 _2qrmak
_aالمسكوكات
650 0 7 _2qrmak
_aالنقود
650 0 7 _2qrmak
_aالنقود الاسلامية
650 0 7 _2qrmak
_aالمسكوكات
_xالمجموعات الخاصة
700 0 _aرأفت محمد النبراوي
_eمقدم
942 _2ddc
_cBK
999 _c62876
_d62876